Mariano Marcos State University

University Library System

Web-based online public access catalog for non-book materials at Mariano Marcos State University-Main Library (Record no. 9534)

MARC details
000 -LEADER
fixed length control field 00664nam a22001697a 4500
003 - CONTROL NUMBER IDENTIFIER
control field OSt
005 - DATE AND TIME OF LATEST TRANSACTION
control field 20171010095439.0
008 - FIXED-LENGTH DATA ELEMENTS--GENERAL INFORMATION
fixed length control field 120606t xxu||||| |||| 00| 0 eng d
040 ## - CATALOGING SOURCE
Original cataloging agency MMSU
Transcribing agency ULS
100 ## - MAIN ENTRY--PERSONAL NAME
Personal name Baluan, Kennedy A., Pascual, Adelfa R.
9 (RLIN) 10010
245 ## - TITLE STATEMENT
Title Web-based online public access catalog for non-book materials at Mariano Marcos State University-Main Library
Statement of responsibility, etc. Kennedy A. Baluan, Adelfa R. Pascual
260 ## - PUBLICATION, DISTRIBUTION, ETC.
Date of publication, distribution, etc. 2007
300 ## - PHYSICAL DESCRIPTION
Extent x, [156] leaves
Dimensions 28 cm.
500 ## - GENERAL NOTE
General note Thesis (BS Computer Science) -- Mariano Marcos State University-College of Arts and Sciences, Batac City
504 ## - BIBLIOGRAPHY, ETC. NOTE
Bibliography, etc. note Bibliography: leaves 56-57
942 ## - ADDED ENTRY ELEMENTS (KOHA)
Source of classification or shelving scheme
Koha item type Thesis/Dissertation
Holdings
Withdrawn status Lost status Source of classification or shelving scheme Damaged status Not for loan Home library Current library Date acquired Total Checkouts Barcode Date last seen Price effective from Koha item type Public note
          REF REF 06/06/2012   3327-Un 10/10/2017 10/10/2017 Thesis/Dissertation Library Use only

© 2023 Mariano Marcos State University. All Rights Reserved.

Powered by Koha